Remesas y macroeconomía en El Salvador /

Se analiza la importancia y los efectos de las remesas enviadas por los inmigrantes salvadoreños en Estados Unidos a la economía del país centroamericano y se proponen mecanismos alternativos para esterilizarlas y para alentar las inversiones privada y pública

Zapisane w:
Opis bibliograficzny
1. autor: Cáceres, Luis René
Format: Texto
Hasła przedmiotowe:
Etykiety: Dodaj etykietę
Nie ma etykietki, Dołącz pierwszą etykiete!

MARC

LEADER 00000 a a2200000 04500
001 3616
003
040
100 |a Cáceres, Luis René  
245 |a Remesas y macroeconomía en El Salvador /  |c Luis René Cáceres 
520 |a Se analiza la importancia y los efectos de las remesas enviadas por los inmigrantes salvadoreños en Estados Unidos a la economía del país centroamericano y se proponen mecanismos alternativos para esterilizarlas y para alentar las inversiones privada y pública  
650 |a INMIGRANTES  
650 |a SALVADOREÑOS  
650 |a REMESAS  
650 |a ANALISIS ECONOMICO  
650 |a EL SALVADOR  
650 |a COMPORTAMIENTO ECONOMICO  
773 |g volumen 56, número 7; páginas 592-607  
999 |c 20983  |d 20983